The Legend of Zelda: Character Names Scrambled - Statistics

General Stats
  • This quiz has been taken 116 times
  • The average score is 18 of 30
Answer Stats
Hint Answer % Correct
NIKL Link
100%
DEALZ Zelda
100%
HEISK Sheik
94%
IF Fi
84%
YAAP Paya
81%
IMDNA Midna
80%
TANZ Zant
78%
ARIAS Saria
76%
DIOM Mido
71%
IVAN Navi
70%
PAIM Impa
69%
TOUR Ruto
69%
HAHIRIGM Ghirahim
66%
JUNA Anju
55%
URASOB Urbosa
55%
DOAF Fado
51%
LEDBEE Beedle
49%
RUNARID Darunia
48%
FORDANGNO Ganondorf
48%
URANOOB Nabooru
48%
ANOPE Epona
45%
GOSORE Groose
45%
LOANM Malon
45%
MEOUK Koume
42%
LOANT Talon
42%
FEIKA Kafei
41%
TAKEOK Kotake
37%
JAMOAR Majora
36%
KARMA Makar
36%
USDILLKK Skull Kid
20%
No matching quizzes found
Score Distribution
Percent of People with Each Score
Percentile by Number Answered
Your Score History
You have not taken this quiz